Countries with most total medals on Summer Olympic games - Statistics

General Stats
  • This quiz has been taken 31 times
  • The average score is 14 of 20
Answer Stats
Number of medals Answer % Correct
2,522 United States
96%
615 Germany
93%
497 Australia
89%
546 China
89%
716 France
89%
577 Italy
89%
439 Japan
86%
426 Russia
86%
302 Canada
82%
1,010 Soviet Union
79%
494 Sweden
68%
285 Netherlands
64%
267 South Korea
64%
851 Great Britain
61%
491 Hungary
54%
284 Poland
54%
409 East Germany
50%
306 Romania
36%
303 Finland
32%
226 Cuba
29%
No matching quizzes found
Score Distribution
Percent of People with Each Score
Percentile by Number Answered
Your Score History
You have not taken this quiz